| 000 | 00484nam a22001817a 4500 | ||
|---|---|---|---|
| 005 | 20240822162048.0 | ||
| 008 | 240822b |||||||| |||| 00| 0 eng d | ||
| 020 | _a9788131724262 | ||
| 082 |
_a005.446 _bSCH-M |
||
| 100 | _aSchiller, Jochen | ||
| 245 |
_aMobile Communications / _cJochen Schiller |
||
| 250 | _a2nd ed. | ||
| 260 |
_aIndia: _bPearson; _c2009. |
||
| 300 |
_axiv, 492 p. : _bill; _c24 cm. |
||
| 500 | _ainclude index. | ||
| 650 | _aMobile application | ||
| 999 |
_c36446 _d36446 |
||